01711nam a2200397 450000100060000000300070000600500170001300800410003001600310007101700510010202000150015303500210016803500270018904000370021604100130025308000400026608000330030610000360033924000560037524502380043126000370066930000240070654600380073059400340076865100410080265500390084371000500088285200120093294200180094495201260096295600060108898000720109498000730116698000570123999900170129685852SpMaBN20260429152922.0260429s1998 sp | ||| ||spa 7 abimoBNE199935170732SpMaBN aZ 2495-1998bOficina Depósito Legal Zaragoza a8483240440 a(OCoLC)733437600 a(SpMaBN)bimo0001101908 aSpMaBNbspacSpMaBNerdcdM-RABA1 aspaaita a75 Montañés, Bernardino (064.3) a913.77 Pompeya (0:75)(064.3)1 aMontañés, Bernardino92566710aÁlbum de Pompeya de Bernardino Montañés, 184910aÁlbum de Pompeya de Bernardino Montañés, 1849bMuseo Archeologico Nazionale, Napoli, septiembre-diciembre, 1998 = Album di Pompei di Bernardino Montañés, 1849 : Museo Archeologico Nazionale, Napoli, settembre-dicembre, 1998 a[Zaragoza]b: Ibercajac, [1998] a72 p.c; 21 x 30 cm aTexto en italiano y en español. aTexto en español e italiano 7aPompeya (Ciudad desaparecida)975410 4aCatálogos de exposiciones9453362 aMuseo archeologico nazionale di Napoli972108 jF-16121 cFONDOMODERn0 00102ddc4070aRABASFbRABASFcDP2d2026-04-29i48078l0oF-16121p1097150r2026-04-29 15:29:44w2026-04-29yFONDOMODER a2 aZ 2495-1998a84-8324-044-0aSpMaBNbBNALCALAj10/119752cSG_PETANTI aZ 2495-1998a84-8324-044-0aSpMaBNbBNALCALAjAHM/399903cSG_PETANTI aZ 2495-1998aSpMaBNbBNALCALAjDL/907639cCONSERVACI c85852d85852